Language Quiz

Random Language or Kpop Quiz
Score 0/17 Timer 10:00
0 Plays Today
% Correct
내가 제일 잘 나가
97%
투애니원
95%
씨엘
95%
박봄
95%
블랙잭
95%
이채린
94%
다라
94%
박산다라
94%
공민지
94%
% Correct
안녕
93%
박수쳐
87%
아파
87%
날 따라 해봐요
84%
난 바빠
84%
멘붕
82%
그리워해요
81%
너 아님 안돼
78%

You're not logged in!

Compare scores with friends on all Sporcle quizzes.
OR
Log In

Sporcle TV

Today on Sporcle TV


Watch our educational content, quiz creation guides, and fun videos on Sporcle TV.

Show Comments

Extras

Top Quizzes Today


Score Distribution

Paid Content

Your Account Isn't Verified!

In order to create a playlist on Sporcle, you need to verify the email address you used during registration. Go to your Sporcle Settings to finish the process.

Report this User

Report this user for behavior that violates our Community Guidelines.

Details: